[Event "Bad Woerishofen open"]
[Site "?"]
[Date "2004.03.24"]
[Round "6"]
[White "Klein, Manfred"]
[Black "Ivanov, Michail"]
[Result "0-1"]
[WhiteElo "2268"]
[BlackElo "2421"]
[PlyCount "98"]

1. e4 c5 2. Nf3 a6 3. c3 e6 4. d4 d5 5. e5 Bd7 6. Be2 Bb5 7. Bxb5+ axb5 8. dxc5
Bxc5 9. b4 Bb6 10. Na3 Qd7 11. Qd3 Ne7 12. Qxb5 Qc6 13. O-O Ng6 14. c4 dxc4 15.
Nxc4 Qxb5 16. Nd6+ Ke7 17. Nxb5 Nc6 18. Bb2 Rhd8 19. a4 Nxb4 20. Ba3 Bc5 21.
Rfb1 Nd3 22. Nd6 Bxa3 23. Rxa3 Ngxe5 24. Nxe5 Nxe5 25. Nxb7 Rdb8 26. a5 Nc4 27.
Ra4 Nxa5 28. Rab4 Nc6 29. Rb6 Ne5 30. g3 Nd7 31. R6b5 Ra7 32. R1b2 Nf6 33. Kg2
Nd5 34. R5b3 g5 35. h3 h5 36. Kf3 Ra4 37. Kg2 g4 38. hxg4 hxg4 39. f3 gxf3+ 40.
Kxf3 Rc8 41. Rb1 Rc2 42. R1b2 Rcc4 43. Rb5 Rc3+ 44. Kf2 Raa3 45. Nc5 Rf3+ 46.
Ke2 Rae3+ 47. Kd2 Rxg3 48. Rb7+ Kd6 49. Na6 Rg2+ 0-1

[Event "Bad Woerishofen open"]
[Site "?"]
[Date "2004.03.24"]
[Round "6"]
[White "Dittmar, Peter"]
[Black "Buchner, Rudolf"]
[Result "1-0"]
[WhiteElo "2369"]
[BlackElo "2258"]
[PlyCount "87"]

1. d4 Nf6 2. Nf3 g6 3. Nc3 d5 4. Bf4 Bg7 5. e3 O-O 6. Be2 c5 7. Ne5 cxd4 8.
exd4 Nc6 9. O-O Bf5 10. Nxc6 bxc6 11. Na4 Ne4 12. c3 f6 13. Bd3 e5 14. Bxe4
Bxe4 15. Be3 Bf5 16. Qd2 Rf7 17. Rfe1 Qd6 18. a3 Rd8 19. Bh6 Bh8 20. Nc5 Bc8
21. b4 Re8 22. Re2 Bg4 23. f3 Bc8 24. Rae1 Rfe7 25. Be3 Qc7 26. Bf2 Bg7 27. Bg3
Qd8 28. dxe5 Rxe5 29. Bxe5 fxe5 30. Kh1 Qh4 31. f4 Bg4 32. Re3 e4 33. Nb3 Qf6
34. g3 g5 35. fxg5 Qxg5 36. Rxe4 Rxe4 37. Qxg5 Rxe1+ 38. Kg2 Re2+ 39. Kf1 Re4
40. Nd4 h5 41. Nf5 Bh3+ 42. Kf2 Bxf5 43. Qxf5 Bxc3 44. Qc8+ 1-0

[Event "Bad Woerishofen open"]
[Site "?"]
[Date "2004.03.24"]
[Round "6"]
[White "Pflug, Matthias"]
[Black "Heika, Martin"]
[Result "0-1"]
[WhiteElo "2236"]
[BlackElo "2342"]
[PlyCount "52"]

1. e4 e6 2. d4 d5 3. Nc3 Bb4 4. e5 c5 5. a3 Ba5 6. b4 cxd4 7. Qg4 Ne7 8. bxa5
dxc3 9. Qxg7 Rg8 10. Qxh7 Nbc6 11. f4 Qxa5 12. Nf3 Bd7 13. Rb1 O-O-O 14. Qd3 d4
15. g3 Nf5 16. Be2 Nce7 17. Ng5 Bc6 18. Rg1 Rxg5 19. fxg5 Ng6 20. Bf4 Nxe5 21.
Bxe5 Qxe5 22. Kf2 Rh8 23. h4 Rxh4 24. Rg2 Qe3+ 25. Qxe3 dxe3+ 26. Kf1 Rh1+ 0-1

[Event "Bad Woerishofen open"]
[Site "?"]
[Date "2004.03.24"]
[Round "6"]
[White "Brumakin, Vladimir"]
[Black "Kveinys, Aloyzas"]
[Result "1/2-1/2"]
[WhiteElo "2596"]
[BlackElo "2511"]
[PlyCount "48"]

1. d4 Nf6 2. c4 e6 3. g3 d5 4. Nf3 dxc4 5. Qa4+ Bd7 6. Qxc4 Bc6 7. Bg2 Bd5 8.
Qa4+ Qd7 9. Qd1 Nc6 10. Nc3 Bb4 11. O-O Bxf3 12. Bxf3 Nxd4 13. Bxb7 Rd8 14. e3
c6 15. Ba6 Bxc3 16. bxc3 Nb5 17. Qc2 e5 18. Bxb5 cxb5 19. Ba3 Qc6 20. Qb2 Qc4
21. Rfc1 Ne4 22. Qb4 Qxb4 23. Bxb4 Nd2 24. Kg2 Nc4 {Rest nicht rekonstruierbar}
1/2-1/2

[Event "Bad Woerishofen sen"]
[Site "?"]
[Date "2004.03.24"]
[Round "6"]
[White "Walther, Diethelm"]
[Black "Neese, Hans-Joachim"]
[Result "1/2-1/2"]
[WhiteElo "2161"]
[BlackElo "2214"]
[PlyCount "40"]

1. d4 Nf6 2. Bg5 e6 3. e4 h6 4. Bxf6 Qxf6 5. Nf3 c5 6. c3 Nc6 7. Bb5 a6 8. Bxc6
bxc6 9. O-O d5 10. Re1 Qd8 11. Ne5 Qc7 12. f4 Bd6 13. exd5 cxd5 14. Nd2 O-O 15.
Qg4 f6 16. Ng6 Rf7 17. h4 e5 18. Qh5 cxd4 19. cxd4 Qc2 20. fxe5 fxe5 1/2-1/2

[Event "Bad Woerishofen sen"]
[Site "?"]
[Date "2004.03.24"]
[Round "6"]
[White "Igney, Volkhard"]
[Black "Villing, Dieter"]
[Result "1-0"]
[WhiteElo "2230"]
[BlackElo "2231"]
[PlyCount "145"]

1. d4 d6 2. Nf3 Bg4 3. c4 Nd7 4. e4 Ngf6 5. Nc3 e5 6. Be3 exd4 7. Bxd4 Be7 8.
Be2 O-O 9. Qb3 Nc5 10. Qc2 c6 11. O-O Ne6 12. Be3 Qc7 13. Rfd1 a6 14. Nd4 Nxd4
15. Bxd4 Bxe2 16. Qxe2 Rfe8 17. Rd3 b5 18. b3 bxc4 19. bxc4 Qa5 20. Rad1 Rac8
21. Be3 Nd7 22. Bd4 Bf6 23. Bxf6 Nxf6 24. Qf3 Qb4 25. Rxd6 Qxc4 26. R6d4 Qe6
27. Qd3 a5 28. f4 g6 29. Rd6 Qe7 30. e5 Nh5 31. Qd4 Qb7 32. g4 c5 33. Qc4 Qb4
34. Qxb4 cxb4 35. Nd5 Nxf4 36. Nxf4 Rxe5 37. Rd8+ Rxd8 38. Rxd8+ Kg7 39. Kf2
Rc5 40. Ke3 Rc2 41. Rd2 Rc3+ 42. Kd4 h5 43. g5 Rf3 44. Nd5 h4 45. Nf6 Rf4+ 46.
Ne4 Rg4 47. h3 Rf4 48. Ke3 Rf5 49. Rd8 a4 50. Rb8 b3 51. axb3 axb3 52. Rxb3 Kf8
53. Rb8+ Ke7 54. Rh8 Ra5 55. Rxh4 Ke6 56. Rh8 Kf5 57. Re8 Ra3+ 58. Kd4 Ra4+ 59.
Kd5 Ra5+ 60. Kd6 Ra6+ 61. Ke7 Kxe4 62. Kxf7+ Kf5 63. h4 Kg4 64. Rh8 Kf5 65. Kg7
Kg4 66. Kh6 Kxh4 67. Rg8 Kg4 68. Rxg6 Ra1 69. Rb6 Rh1+ 70. Kg6 Rg1 71. Rb4+ Kf3
72. Kh6 Ke3 73. g6 1-0

[Event "Bad Woerishofen sen"]
[Site "?"]
[Date "2004.03.24"]
[Round "6"]
[White "Goy, Udo"]
[Black "Weber, Gerhard"]
[Result "1-0"]
[WhiteElo "2257"]
[BlackElo "2084"]
[PlyCount "53"]

1. d4 Nf6 2. Nf3 g6 3. g3 Bg7 4. Bg2 d6 5. Nc3 c6 6. e4 Bg4 7. O-O O-O 8. Be3
Nbd7 9. h3 Bxf3 10. Qxf3 e5 11. dxe5 dxe5 12. a4 Qa5 13. Qe2 Nc5 14. Qc4 Ne6
15. Rfd1 Rfd8 16. b4 Qc7 17. a5 Rxd1+ 18. Rxd1 b5 19. axb6 axb6 20. b5 cxb5 21.
Qxc7 Nxc7 22. Bxb6 Nfe8 23. Rd7 Rc8 24. Nd5 Nxd5 25. exd5 f5 26. d6 e4 27.
Rxg7+ 1-0

[Event "Bad Woerishofen sen"]
[Site "?"]
[Date "2004.03.24"]
[Round "6"]
[White "Schmid, Hermann"]
[Black "Niebling, Ferdinand"]
[Result "0-1"]
[WhiteElo "2187"]
[BlackElo "2168"]
[PlyCount "58"]

1. Nf3 f5 2. d4 Nf6 3. c4 g6 4. Nc3 Bg7 5. g3 O-O 6. Bg2 d6 7. O-O Qe8 8. d5
Na6 9. Nd4 e5 10. dxe6 c6 11. Bf4 Qe7 12. Nxc6 bxc6 13. Bxc6 Bxe6 14. Bxa8 Rxa8
15. Bxd6 Qb7 16. Qd3 Rd8 17. Rad1 Qc6 18. b3 Nc5 19. Qe3 Rxd6 20. Rxd6 Qxd6 21.
Nb5 Qe7 22. Rd1 Ng4 23. Qd2 a6 24. Qd8+ Qxd8 25. Rxd8+ Kf7 26. Nc7 Ke7 27. Nxe6
Nxe6 28. Ra8 Nc7 29. Rg8 Ne8 0-1

[Event "Bad Woerishofen sen"]
[Site "?"]
[Date "2004.03.24"]
[Round "7"]
[White "Xander, Karl"]
[Black "Johannsen, Ingbert"]
[Result "1-0"]
[WhiteElo "2015"]
[BlackElo "2111"]
[PlyCount "53"]

1. e4 e6 2. d4 d5 3. Nc3 Nf6 4. Bg5 Be7 5. e5 Nfd7 6. Bxe7 Qxe7 7. f4 a6 8. Nf3
c5 9. Be2 Nc6 10. Qd2 cxd4 11. Nxd4 Ndxe5 12. O-O-O Nd7 13. Nf5 exf5 14. Nxd5
Qd8 15. Qe3+ Kf8 16. Rhe1 Qa5 17. Bc4 g6 18. Nb6 Nce5 19. Nxd7+ Bxd7 20. Rxd7
Nxc4 21. Qe7+ Kg7 22. Qxf7+ Kh6 23. Qg7+ Kh5 24. Qe7 Qxe1+ 25. Qxe1 Rae8 26.
Re7 Rc8 27. Qg3 1-0

[Event "Bad Woerishofen sen"]
[Site "?"]
[Date "2004.03.24"]
[Round "7"]
[White "Kasueschke, Gregor"]
[Black "Delander, Adolf"]
[Result "1-0"]
[WhiteElo "2197"]
[BlackElo "2157"]
[PlyCount "102"]

1. c4 e6 2. Nc3 d5 3. d4 c6 4. Nf3 Nf6 5. Bg5 Be7 6. e3 Nbd7 7. cxd5 exd5 8.
Qc2 h6 9. Bh4 O-O 10. Bd3 Re8 11. O-O Nf8 12. Rab1 Be6 13. Na4 Ne4 14. Bxe7
Qxe7 15. b4 Nd6 16. Nc5 Rec8 17. a4 a6 18. Rfc1 Nd7 19. Nxd7 Bxd7 20. Ne5 Be8
21. Rb2 f6 22. Nf3 g5 23. Qc5 Kf8 24. Nd2 Rcb8 25. Re1 b6 26. Qc1 Ne4 27. Bxe4
dxe4 28. Qc2 c5 29. bxc5 bxc5 30. Rxb8 Rxb8 31. dxc5 Bc6 32. Qc4 a5 33. Nb3 Rb4
34. Qc3 Rxa4 35. Nxa5 Bd5 36. c6 Rxa5 37. Qxa5 Bxc6 38. Rc1 Be8 39. Qc5 Qxc5
40. Rxc5 Bd7 41. Kf1 Ke7 42. Ke2 Kd6 43. Ra5 h5 44. Kd2 h4 45. g3 hxg3 46. hxg3
Bg4 47. Kc3 Bf3 48. Kd4 Ke6 49. Ra6+ Kf7 50. Kd5 Kg6 51. Re6 Kg7 1-0

[Event "Bad Woerishofen sen"]
[Site "?"]
[Date "2004.03.24"]
[Round "7"]
[White "Moeckel, Edgar"]
[Black "Schmid, Hermann"]
[Result "0-1"]
[WhiteElo "1986"]
[BlackElo "2187"]
[PlyCount "93"]

1. d4 Nf6 2. Nf3 d5 3. c4 c6 4. e3 Bg4 5. Nc3 e6 6. cxd5 exd5 7. Be2 Nbd7 8.
O-O Bd6 9. Qc2 O-O 10. h3 Bh5 11. Re1 Re8 12. Nd2 Bxe2 13. Rxe2 Nf8 14. e4 dxe4
15. Ndxe4 Nxe4 16. Nxe4 Ne6 17. Be3 Be7 18. Rd1 Qa5 19. a3 Rad8 20. Red2 Qf5
21. Nc3 Qxc2 22. Rxc2 Bf6 23. Rcd2 Nc7 24. b4 Nd5 25. Nxd5 Rxd5 26. g3 Re6 27.
Kg2 Kf8 28. Rd3 Ke8 29. f4 g6 30. Kf3 Be7 31. g4 Kd7 32. g5 Kd6 33. Rc1 f5 34.
h4 a5 35. Rc5 axb4 36. axb4 b6 37. Rc2 Rb5 38. Bd2 Kd5 39. Rb3 Re4 40. Bc3 Bd6
41. Bd2 Rxd4 42. Be3 Rd1 43. Ke2 Rh1 44. Rd3+ Ke6 45. Rxc6 Rd5 46. Rxb6 Rh2+
47. Bf2 0-1

[Event "Bad Woerishofen open"]
[Site "?"]
[Date "2004.03.24"]
[Round "7"]
[White "Schwalen, Peter"]
[Black "Heinig, Wolfram"]
[Result "0-1"]
[WhiteElo "2195"]
[BlackElo "2308"]
[PlyCount "76"]

1. e4 c6 2. d4 d5 3. exd5 cxd5 4. c4 Nf6 5. Nc3 e6 6. Nf3 Be7 7. c5 b6 8. b4 a5
9. Na4 Nbd7 10. a3 axb4 11. axb4 Ne4 12. Bb2 O-O 13. Bd3 bxc5 14. Nxc5 Rb8 15.
Ba3 Ndxc5 16. dxc5 Bf6 17. Rc1 Bc3+ 18. Rxc3 Nxc3 19. Qc2 Ne4 20. O-O Qc7 21.
Bxe4 dxe4 22. Qxe4 Ba6 23. Ng5 g6 24. Qh4 h5 25. Re1 Bb7 26. Bb2 Rbd8 27. f3
Rd2 28. Be5 Qd8 29. Qg3 Rd1 30. h4 Rxe1+ 31. Qxe1 Qd5 32. Qg3 Qd3 33. Qf4 Qf5
34. Qxf5 gxf5 35. Bd6 Rd8 36. b5 Bd5 37. Nh3 Bc4 38. b6 Ba6 {Zeit} 0-1

[Event "Bad Woerishofen open"]
[Site "?"]
[Date "2004.03.24"]
[Round "7"]
[White "Galdunts, Sergey"]
[Black "Burmakin, Vladimir"]
[Result "0-1"]
[WhiteElo "2506"]
[BlackElo "2596"]
[PlyCount "72"]

1. e4 c6 2. d4 d5 3. exd5 cxd5 4. c4 Nf6 5. Nc3 e6 6. Nf3 Bb4 7. Bd3 dxc4 8.
Bxc4 O-O 9. O-O b6 10. Ne5 Bb7 11. Bg5 Be7 12. Re1 Nbd7 13. Qb3 Nxe5 14. dxe5
Nd7 15. Bxe7 Qxe7 16. Nb5 a6 17. Nd6 Nxe5 18. Qxb6 Nxc4 19. Nxc4 Rab8 20. Qe3
Bd5 21. Nb6 Bxg2 22. Kxg2 Qb7+ 23. Kg3 Qc7+ 24. f4 Rxb6 25. Rac1 Qb8 26. b3 Rb5
27. Rc6 Rg5+ 28. Kf3 Rf5 29. Rc5 Rxc5 30. Qxc5 Rc8 31. Qe5 Qb4 32. Re2 g6 33.
h4 Rc5 34. Re4 Qb5 35. Qd4 Qf1+ 36. Kg3 Rc2 0-1

[Event "Bad Woerishofen open"]
[Site "?"]
[Date "2004.03.24"]
[Round "7"]
[White "Koscielski, Janusch"]
[Black "Krivoshey, Sergei"]
[Result "1/2-1/2"]
[WhiteElo "2318"]
[BlackElo "2501"]
[PlyCount "86"]

1. e4 c5 2. Nf3 d6 3. d4 cxd4 4. Nxd4 Nf6 5. Nc3 Nc6 6. Bg5 e6 7. Qd2 a6 8.
O-O-O Bd7 9. f3 Be7 10. Be3 b5 11. g4 Nxd4 12. Bxd4 b4 13. Ne2 e5 14. Be3 Qa5
15. Kb1 Be6 16. Nc1 h6 17. g5 hxg5 18. Bxg5 Rc8 19. h4 Rc6 20. Bd3 Nh5 21. Rhg1
g6 22. b3 Nf4 23. Rh1 Bxg5 24. hxg5 Rxh1 25. Rxh1 Ke7 26. Ne2 Nxe2 27. Bxe2 Qc5
28. Bd3 a5 29. Rh8 Rc8 30. Rxc8 Qxc8 31. a3 Qc5 32. axb4 axb4 33. Kb2 f6 34.
gxf6+ Kxf6 35. Qh6 Qc3+ 36. Kb1 Bxb3 37. Qf8+ Bf7 38. Qxd6+ Kg7 39. f4 Qe1+ 40.
Kb2 Qc3+ 41. Kb1 exf4 42. Qxf4 Qf6 43. Qg3 b3 1/2-1/2

[Event "Bad Woerishofen open"]
[Site "?"]
[Date "2004.03.24"]
[Round "7"]
[White "Pirrot, Dieter"]
[Black "Ballon, Guenther"]
[Result "1/2-1/2"]
[WhiteElo "2406"]
[BlackElo "2178"]
[PlyCount "88"]

1. e4 e5 2. Nf3 Nc6 3. d4 exd4 4. c3 d5 5. exd5 Qxd5 6. cxd4 Bg4 7. Be2 Bb4+ 8.
Nc3 Bxf3 9. Bxf3 Qc4 10. Bxc6+ bxc6 11. Qe2+ Qxe2+ 12. Kxe2 Nf6 13. Bg5 Bxc3
14. bxc3 Ne4 15. Bd2 Rb8 16. Rhb1 Kd7 17. Be1 Rb6 18. Rb3 Rhb8 19. Rab1 a5 20.
Kd3 Nf6 21. c4 a4 22. Rb4 c5 23. Rxb6 Rxb6 24. Rxb6 cxb6 25. Bc3 Ne8 26. g4
cxd4 27. Bxd4 Kc6 28. g5 b5 29. cxb5+ Kxb5 30. Ke4 Kb4 31. Bb2 Kc4 32. h4 Nd6+
33. Ke5 Nb5 34. h5 Nc3 35. h6 gxh6 36. gxh6 Nxa2 37. Kf6 Kb3 38. Be5 a3 39. Bd6
Nb4 40. Kg7 a2 41. Be5 Nd3 42. Ba1 Nxf2 43. Kxh7 Ng4 44. Kg7 Nxh6 1/2-1/2

[Event "Bad Woerishofen open"]
[Site "?"]
[Date "2004.03.24"]
[Round "7"]
[White "Eingorn, Viacheslav"]
[Black "Levin, Felix"]
[Result "1-0"]
[WhiteElo "2600"]
[BlackElo "2486"]
[PlyCount "95"]

1. c4 e6 2. Nc3 Nf6 3. d4 Bb4 4. e3 c5 5. Bd3 O-O 6. d5 exd5 7. cxd5 h6 8. Bc2
b5 9. Nge2 Re8 10. f3 c4 11. O-O Bc5 12. Nxb5 Qb6 13. Nec3 Bxe3+ 14. Bxe3 Rxe3
15. Qd4 Qxd4 16. Nxd4 Na6 17. Be4 Nxe4 18. fxe4 Rd3 19. Nf5 Nc5 20. Ne7+ Kf8
21. Ng6+ Ke8 22. Ne5 Rd4 23. Rad1 Rxd1 24. Rxd1 Ba6 25. Rd4 f5 26. Nxc4 Bxc4
27. Rxc4 Nxe4 28. Nxe4 fxe4 29. Kf2 Rb8 30. b3 Rb5 31. Rd4 Kf7 32. Ke3 Rc5 33.
Rd2 Ke7 34. Kxe4 Kd6 35. h4 h5 36. a3 a5 37. Rd3 Rc1 38. Rg3 Re1+ 39. Kd4 Rd1+
40. Kc4 Rc1+ 41. Kd4 Rd1+ 42. Ke4 Rh1 43. Rg6+ Kc5 44. g3 Re1+ 45. Kd3 Ra1 46.
a4 Rd1+ 47. Kc3 Rxd5 48. Ra6 1-0

[Event "Bad Woerishofen open"]
[Site "?"]
[Date "2004.03.24"]
[Round "7"]
[White "Fischer, Johann"]
[Black "Skembris, Spyridon"]
[Result "0-1"]
[WhiteElo "2288"]
[BlackElo "2442"]
[PlyCount "40"]

1. d4 d5 2. c4 Nc6 3. Nf3 Bg4 4. cxd5 Bxf3 5. gxf3 Qxd5 6. e3 e5 7. Nc3 Bb4 8.
Bd2 Bxc3 9. bxc3 Qd6 10. Rb1 b6 11. Bb5 Nge7 12. f4 exf4 13. e4 O-O 14. Qf3 Ng6
15. e5 Ncxe5 16. dxe5 Qxe5+ 17. Qe2 Qd5 18. O-O Rad8 19. Rb2 c6 20. Bc4 f3 0-1

[Event "Bad Woerishofen open"]
[Site "?"]
[Date "2004.03.24"]
[Round "7"]
[White "Rahls, Peter"]
[Black "Valenta, Vit"]
[Result "1-0"]
[WhiteElo "2366"]
[BlackElo "2209"]
[PlyCount "43"]

1. e4 e5 2. Nc3 Nf6 3. g3 d5 4. exd5 Nxd5 5. Bg2 Nxc3 6. bxc3 Bd6 7. Nf3 O-O 8.
O-O Nc6 9. d3 Bg4 10. Qe1 Re8 11. Ng5 h6 12. Qe4 hxg5 13. Qxg4 Be7 14. Rb1 Na5
15. Rb5 c5 16. c4 Rb8 17. Bd5 Bf6 18. Qh5 Rf8 19. h4 gxh4 20. g4 Nc6 21. g5 Nd4
22. g6 1-0

[Event "Bad Woerishofen open"]
[Site "?"]
[Date "2004.03.24"]
[Round "7"]
[White "Eisenbeis, Norman"]
[Black "Klein, Manfred"]
[Result "0-1"]
[WhiteElo "2151"]
[BlackElo "2268"]
[PlyCount "54"]

1. d4 Nf6 2. c4 g6 3. Nc3 Bg7 4. e4 d6 5. Nf3 O-O 6. Be2 c5 7. d5 e6 8. Bg5 h6
9. Bh4 exd5 10. cxd5 g5 11. Bg3 Nh5 12. Nd2 Nxg3 13. hxg3 Nd7 14. Nc4 Qe7 15.
Ne3 Nf6 16. Qc2 b5 17. Bxb5 Nxe4 18. Nxe4 f5 19. Nc3 f4 20. gxf4 gxf4 21. Qe2
fxe3 22. fxe3 Qg5 23. Ne4 Qg6 24. Bd3 c4 25. Bb1 Bf5 26. Nd2 Qg3+ 27. Kd1 Bg4
0-1

[Event "Bad Woerishofen open"]
[Site "?"]
[Date "2004.03.24"]
[Round "7"]
[White "Stark, Lars"]
[Black "Senff, Martin"]
[Result "1/2-1/2"]
[WhiteElo "2229"]
[BlackElo "2443"]
[PlyCount "68"]

1. c4 e6 2. g3 d5 3. Bg2 Nf6 4. Nf3 Be7 5. O-O O-O 6. Qc2 c5 7. d4 cxd4 8. Nxd4
Qb6 9. e3 Nc6 10. Nxc6 Qxc6 11. b3 b5 12. Ba3 Bxa3 13. Nxa3 bxc4 14. Qxc4 Qd6
15. Qa4 a5 16. Nc4 Qc7 17. Nb2 Bd7 18. Qa3 Rfc8 19. Na4 Bxa4 20. Qxa4 Qc5 21.
Rfd1 Rab8 22. Bf3 h6 23. h4 Ne8 24. Rd3 Nd6 25. Rad1 Qb4 26. Rd4 Qb6 27. R4d2
Nb5 28. Qf4 Nc3 29. Re1 Qc5 30. Rc2 Qf8 31. Qe5 Nb5 32. Rec1 Rxc2 33. Rxc2 Rc8
34. Qb2 Rxc2 1/2-1/2

[Event "Bad Woerishofen open"]
[Site "?"]
[Date "2004.03.24"]
[Round "7"]
[White "Berczes, David"]
[Black "Babar, Michael"]
[Result "1-0"]
[WhiteElo "2305"]
[BlackElo "2180"]
[PlyCount "109"]

1. d4 d5 2. c4 e6 3. Nf3 c6 4. Qc2 f5 5. g3 Nf6 6. Bg2 Be7 7. O-O O-O 8. b3 Ne4
9. Ba3 Bxa3 10. Nxa3 Nd7 11. b4 a6 12. Qb2 Qe7 13. c5 f4 14. Ne5 Nxe5 15. dxe5
fxg3 16. hxg3 Ng5 17. f4 Nf7 18. Nc2 Nh6 19. Qc3 Bd7 20. Bh3 g5 21. e3 g4 22.
Bg2 Be8 23. e4 Bg6 24. Ne3 Bxe4 25. Bxe4 dxe4 26. Rad1 Rad8 27. Qc4 Qf7 28.
Qxe4 Nf5 29. Kf2 Nxe3 30. Qxe3 Rd5 31. Rxd5 cxd5 32. Ke2 Qf5 33. Qd3 Qh5 34.
Qd4 Qf5 35. Kd2 Rc8 36. Rc1 h5 37. Qd3 Qf7 38. Rb1 Rf8 39. a4 Kg7 40. Rh1 Qg6
41. Qxg6+ Kxg6 42. Ke3 Rh8 43. b5 axb5 44. axb5 Ra8 45. c6 bxc6 46. bxc6 Rc8
47. Rc1 h4 48. gxh4 Kh5 49. c7 Kxh4 50. f5 exf5 51. Kf4 Kh3 52. Kxf5 Kg3 53.
Ke6 Kf4 54. Rf1+ Ke3 55. Kd7 1-0

[Event "Bad Woerishofen open"]
[Site "Bad Woerishofen"]
[Date "2004.03.24"]
[Round "7"]
[White "Korchnoi, Viktor"]
[Black "Huhndorf, Arnold"]
[Result "1/2-1/2"]
[WhiteElo "2569"]
[BlackElo "2233"]
[PlyCount "78"]
[EventDate "2004.03.19"]

1. c4 Nf6 2. Nc3 g6 3. d4 c5 4. d5 e6 5. Bg5 h6 6. Bh4 d6 7. e4 exd5 8. cxd5
Bg7 9. Nf3 a6 10. Nd2 b5 11. Be2 O-O 12. Qc2 Re8 13. O-O Ra7 14. f4 Qc7 15.
Rae1 Nbd7 16. e5 dxe5 17. fxe5 Rxe5 18. Bg3 Qd8 19. Bxe5 Nxe5 20. Nde4 Nxe4 21.
Qxe4 Rd7 22. Rd1 Bb7 23. a3 c4 24. Kh1 h5 25. h3 Rd6 26. Qd4 Nd3 27. Qa7 Nxb2
28. Qxb7 Rd7 29. Qxa6 Bxc3 30. Rc1 Be5 31. Qxb5 Rxd5 32. Qb7 Rd7 33. Qe4 Qg5
34. Rc3 Nd3 35. Rf3 Rd4 36. Qb7 Rf4 37. Bxd3 Rxf3 38. Qxf3 Bxc3 39. Bxc4 Qc1+
1/2-1/2

[Event "Bad Woerishofen open"]
[Site "Bad Woerishofen"]
[Date "2004.03.24"]
[Round "7"]
[White "Peschlow, Patrick"]
[Black "Donchenko, Anatoli"]
[Result "1-0"]
[WhiteElo "2231"]
[BlackElo "2409"]
[PlyCount "47"]
[EventDate "2004.03.19"]

1. e4 c5 2. Nf3 d6 3. d4 cxd4 4. Nxd4 Nf6 5. Nc3 a6 6. Be3 e6 7. Be2 b5 8. Bf3
Nfd7 9. e5 d5 10. Nxd5 exd5 11. Bxd5 Ra7 12. e6 Nf6 13. Bc6+ Ke7 14. Nf5+ Kxe6
15. Nd4+ Ke7 16. Nf5+ Ke6 17. Nd4+ Ke7 18. Qe2 Kd6 19. O-O-O Kc7 20. Nxb5+ axb5
21. Qxb5 Ra6 22. Rxd8 Rxc6 23. Qa5+ Kb7 24. Qa7# 1-0

[Event "Bad Woerishofen open"]
[Site "Bad Woerishofen"]
[Date "2004.03.24"]
[Round "7"]
[White "Hermann, Manfred"]
[Black "Tscharotschkin, Michael"]
[Result "1-0"]
[WhiteElo "2318"]
[BlackElo "2220"]
[PlyCount "83"]
[EventDate "2004.03.19"]

1. e4 c5 2. c3 Nf6 3. e5 Nd5 4. d4 cxd4 5. Nf3 e6 6. cxd4 b6 7. Bc4 d6 8. Bxd5
exd5 9. Bg5 Be7 10. Bxe7 Qxe7 11. O-O O-O 12. Nc3 Bb7 13. Re1 Nd7 14. Qd3 dxe5
15. Nxe5 Rfe8 16. Re3 Nxe5 17. Rxe5 Qb4 18. Qb5 Qxb5 19. Nxb5 Rxe5 20. dxe5 Kf8
21. Nd6 Bc8 22. Rc1 Be6 23. f4 g6 24. Rc7 a6 25. Kf2 d4 26. a3 b5 27. Ke2 b4
28. a4 a5 29. Kd3 Bb3 30. Kxd4 Bxa4 31. Rxf7+ Kg8 32. Rc7 Bb3 33. Kc5 Be6 34.
Re7 Bg4 35. h3 Be2 36. Rc7 b3 37. e6 g5 38. f5 a4 39. f6 Bh5 40. Rg7+ Kh8 41.
Rb7 Rf8 42. f7 1-0

[Event "Bad Woerishofen open"]
[Site "Bad Woerishofen"]
[Date "2004.03.24"]
[Round "7"]
[White "Palo, Davor"]
[Black "Seel, Christian"]
[Result "1/2-1/2"]
[WhiteElo "2505"]
[BlackElo "2380"]
[PlyCount "68"]
[EventDate "2004.03.19"]

1. d4 d5 2. c4 c6 3. Nf3 Nf6 4. Nc3 a6 5. c5 Nbd7 6. Bf4 Nh5 7. e3 g6 8. h4 Bg7
9. Bh2 Ndf6 10. Ne5 Nd7 11. Nxd7 Bxd7 12. Be2 Nf6 13. h5 Ne4 14. Nxe4 dxe4 15.
Qb3 Qa5+ 16. Kf1 Bc8 17. Bf4 e5 18. h6 Bf6 19. dxe5 Be7 20. Bc4 Rf8 21. Rc1
Bxc5 22. e6 fxe6 23. Bxe6 Bxe6 24. Qxe6+ Be7 25. g4 Rd8 26. Kg2 Qd5 27. Qxd5
Rxd5 28. Rc4 g5 29. Bg3 Rd2 30. Rxe4 Rxb2 31. a4 Rf6 32. Rd1 b5 33. axb5 axb5
34. Ra1 Kf7 1/2-1/2

[Event "Bad Woerishofen open"]
[Site "Bad Woerishofen"]
[Date "2004.03.24"]
[Round "7"]
[White "Vrana, Frantisek"]
[Black "Gutman, Lev"]
[Result "1-0"]
[WhiteElo "2301"]
[BlackElo "2497"]
[PlyCount "99"]
[EventDate "2004.03.19"]

1. e4 c5 2. Nf3 d6 3. g3 Nf6 4. Nc3 Nc6 5. Bg2 Bg4 6. h3 Bxf3 7. Qxf3 Nd7 8. d3
g6 9. Be3 Bg7 10. Qd1 Rc8 11. Qd2 Nd4 12. Nd1 Ne5 13. Kf1 O-O 14. f4 Nd7 15. c3
Nc6 16. Nf2 b5 17. h4 d5 18. exd5 Nd4 19. Ne4 Nf5 20. Bf2 h5 21. g4 hxg4 22. h5
Nb6 23. hxg6 fxg6 24. c4 g3 25. Nxg3 e5 26. Nxf5 Rxf5 27. Bh3 Qf6 28. Bxf5 Qxf5
29. Qe2 bxc4 30. dxc4 e4 31. Rg1 Re8 32. Qg4 Qxg4 33. Rxg4 e3 34. Bh4 e2+ 35.
Kg2 Nxc4 36. Rxg6 Ne3+ 37. Kh2 Nf5 38. Bf2 Rb8 39. Rg5 Nd4 40. Kh3 Kf7 41. Rc1
Bf6 42. Rg3 Rxb2 43. Rxc5 Rb7 44. Rgc3 Kg6 45. d6 Nf5 46. Rc7 Rb5 47. d7 Rd5
48. R3c6 Rd3+ 49. Kg2 Ne7 50. d8=Q 1-0

[Event "Bad Woerishofen open"]
[Site "Bad Woerishofen"]
[Date "2004.03.24"]
[Round "7"]
[White "Heika, Martin"]
[Black "Kengis, Edvins"]
[Result "0-1"]
[WhiteElo "2342"]
[BlackElo "2572"]
[PlyCount "106"]
[EventDate "2004.03.19"]

1. e4 Nf6 2. e5 Nd5 3. d4 d6 4. Nf3 Bg4 5. Be2 e6 6. c4 Nb6 7. exd6 cxd6 8. Nc3
Be7 9. b3 O-O 10. O-O a5 11. Be3 d5 12. Ne5 Bxe2 13. Qxe2 Nc6 14. Rfd1 Rc8 15.
Nxc6 bxc6 16. c5 Nd7 17. a3 e5 18. b4 Bf6 19. dxe5 Bxe5 20. Rac1 axb4 21. axb4
Re8 22. Qg4 Nf6 23. Qh4 Bxc3 24. Rxc3 Re4 25. Qg3 Rg4 26. Qf3 Rxb4 27. Bg5 Rcb8
28. g3 h6 29. Bf4 Ra8 30. Rb3 Rxb3 31. Qxb3 Ne4 32. Qb6 Qc8 33. Re1 Ra6 34. Qb4
Ra2 35. Qb3 Qa8 36. Be3 Ra5 37. Rc1 Rb5 38. Qc2 Rb4 39. Qd3 Qa4 40. f3 Nf6 41.
Re1 Rb2 42. Bd4 Qc2 43. Qxc2 Rxc2 44. Ra1 Rc4 45. Bf2 Nd7 46. Ra8+ Kh7 47. Rc8
Ne5 48. Kf1 Rc1+ 49. Ke2 Rc2+ 50. Kf1 Nxf3 51. Rxc6 Nxh2+ 52. Ke1 Nf3+ 53. Kf1
Nd2+ 0-1

[Event "Bad Woerishofen open"]
[Site "Bad Woerishofen"]
[Date "2004.03.24"]
[Round "7"]
[White "Kugelmann, Werner"]
[Black "Wohl, Aleksander"]
[Result "0-1"]
[WhiteElo "2178"]
[BlackElo "2398"]
[PlyCount "72"]
[EventDate "2004.03.19"]

1. e4 g6 2. d4 Bg7 3. Nc3 a6 4. g3 d6 5. Bg2 Nd7 6. Nge2 c5 7. Be3 cxd4 8. Bxd4
Ngf6 9. h3 O-O 10. O-O Qc7 11. Qd2 Ne5 12. Qc1 Be6 13. Nf4 Bc4 14. Re1 e6 15.
b3 Bb5 16. Nd1 Bc6 17. c4 b5 18. Nb2 Qb7 19. Bxe5 dxe5 20. Nfd3 Nd7 21. Nb4 Nb8
22. Nxc6 Nxc6 23. Qe3 Nd4 24. Rac1 Rfd8 25. Nd3 b4 26. Nc5 Qc7 27. Na4 h5 28.
g4 hxg4 29. hxg4 Nc6 30. Bf1 Rd4 31. Kg2 f5 32. Qg5 Qf7 33. gxf5 gxf5 34. c5
fxe4 35. Re3 Rd2 36. Qg3 Rf8 0-1

[Event "Bad Woerishofen open"]
[Site "Bad Woerishofen"]
[Date "2004.03.24"]
[Round "7"]
[White "Kunin, Vitali"]
[Black "Teske, Hendrik"]
[Result "1/2-1/2"]
[WhiteElo "2425"]
[BlackElo "2526"]
[PlyCount "60"]
[EventDate "2004.03.19"]

1. d4 d5 2. c4 dxc4 3. Nf3 Nf6 4. e3 Bg4 5. Bxc4 e6 6. Nbd2 a6 7. O-O c5 8. h3
Bh5 9. Be2 Nc6 10. Nb3 cxd4 11. Nfxd4 Nxd4 12. Nxd4 Bxe2 13. Qxe2 Bc5 14. Rd1
Qb6 15. Nb3 O-O 16. Nxc5 Qxc5 17. b3 Rfd8 18. Bb2 Qe7 19. Qf3 Ne8 20. Bd4 Rac8
21. Bb6 Rd6 22. Ba5 Rdc6 23. a3 h6 24. Bb4 Qf6 25. Qe4 Nc7 26. Ra2 Nd5 27. Bd2
g6 28. g3 Qf5 29. Qxf5 gxf5 30. Rb2 Kg7 1/2-1/2

[Event "Bad Woerishofen open"]
[Site "?"]
[Date "2004.03.25"]
[Round "8"]
[White "Senff, Martin"]
[Black "Buchner, Rudolf"]
[Result "1/2-1/2"]
[WhiteElo "2243"]
[BlackElo "2258"]
[PlyCount "38"]

1. e4 e5 2. Nf3 Nc6 3. Nc3 Nf6 4. d4 exd4 5. Nxd4 Bb4 6. Nxc6 bxc6 7. Bd3 d5 8.
exd5 cxd5 9. O-O O-O 10. Bg5 c6 11. Na4 Be7 12. Re1 Be6 13. c3 Re8 14. Bc2 Nd7
15. Bxe7 Qxe7 16. b4 c5 17. bxc5 Nxc5 18. Qd4 Rac8 19. Re3 Nxa4 1/2-1/2